| 000 | 00826nam a22002177a 4500 | ||
|---|---|---|---|
| 999 |
_c8697 _d8697 |
||
| 003 | AR-CdUCM | ||
| 008 | 190325b ||||| |||| 00| 0 spa d | ||
| 040 |
_aMUNICIPALIDAD PROVINCIAL DEL CUSCO _cBIBLIOTECA MUNICIPAL DEL CUSCO |
||
| 082 |
_22ed. _a291.17 / _bL59 |
||
| 100 |
_aLibânio, S. J. B. _924295 |
||
| 245 |
_aFormación de la conciencia crítica : _baporte filosófico-culturales / |
||
| 260 |
_aBogotá : _bCLAR, _c1981. |
||
| 300 |
_a94 páginas ; _c21 cm. |
||
| 440 |
_aColecciones perspectivas -CLAR. _n8 _924296 |
||
| 505 | _aContenido: Instrumental de análisis cultural - esquema mental -- Momento del objeto -- Momento del sujeto -- Momento de lo social (dialéctico) | ||
| 650 |
_aConciencia _911784 |
||
| 650 |
_aReligiosidad _93962 |
||
| 650 |
_aConferencia _911919 |
||
| 942 |
_2ddc _cLIBROS |
||
| 945 | _aachl | ||